[Event "IRI-chT 17th"]
[Site "Rasht"]
[Date "2018.10.31"]
[Round "1.1"]
[White "Esmaeili, Sanaz"]
[Black "Azali, Tannaz"]
[Result "0-1"]
[WhiteElo "1835"]
[BlackElo "1965"]
[PlyCount "100"]
[EventDate "2018.10.31"]
[EventType "team-swiss"]
[EventRounds "7"]
[EventCountry "IRI"]
[SourceTitle "CBM 187 Extra"]
[Source "ChessBase"]
[SourceDate "2018.11.04"]
[SourceVersion "1"]
[SourceVersionDate "2018.11.04"]
[SourceQuality "1"]
[WhiteTeam "Daneshgah Azad"]
[BlackTeam "Esfahan Zob Ahan"]
[WhiteTeamCountry "IRI"]
[BlackTeamCountry "IRI"]

1. e4 c5 2. Nf3 e6 3. d4 cxd4 4. Nxd4 a6 5. c4 Nf6 6. Nc3 Qc7 7. a3 b6 8. Be3 Bb7 9. f3 d6 10. Rc1 Be7 11. Be2 Nbd7 12. 0-0 0-0 13. b4 Rac8 14. Nb3 Qb8 15. Kh1 Rfe8 16. Na4 Bd8 17. Bg1 Bc7 18. Nd4 Rcd8 19. Qc2 g6 20. c5 dxc5 21. bxc5 Nxc5 22. Nxc5 bxc5 23. Qxc5 Bd6 24. Qa5 Rc8 25. Qa4 Qa8 26. Nb3 Bc6 27. Qa5 Bb5 28. Bxb5 axb5 29. Qxb5 Rb8 30. Qd3 Bf4 31. Rb1 Qxa3 32. Qc3 Nh5 33. Bc5 Qa4 34. Qd4 Qxd4 35. Nxd4 Rbc8 36. Ba3 Be3 37. Nb5 Red8 38. Rb3 Bf4 39. Rbb1 Rc2 40. Rfd1 Rxd1+ 41. Rxd1 Kg7 42. Nd4 Ra2 43. Bb4 Be3 44. Bc3 Kh6 45. g3 Rf2 46. f4 Nf6 47. Nxe6 Ng4 48. Bg7+ Kh5 49. Kg1 Rd2+ 50. Kf1 Rxd1+ 0-1

[Event "Mashhad Ferdowsi op 6th"]
[Site "Mashhad"]
[Date "2016.01.30"]
[Round "2"]
[White "Esmaeili, Sanaz"]
[Black "Chigaev, Maksim"]
[Result "0-1"]
[WhiteElo "1795"]
[BlackElo "2526"]
[PlyCount "54"]
[EventDate "2016.01.29"]
[EventType "swiss"]
[EventRounds "9"]
[EventCountry "IRI"]
[SourceTitle "CBM 170 Extra"]
[Source "ChessBase"]
[SourceDate "2016.02.25"]
[SourceVersion "1"]
[SourceVersionDate "2016.02.25"]
[SourceQuality "1"]

1. d4 Nf6 2. c4 g6 3. Nf3 Bg7 4. Nc3 0-0 5. e3 d6 6. Bd3 Nbd7 7. 0-0 e5 8. Qc2 Re8 9. b3 b6 10. Rb1 Bb7 11. d5 Nc5 12. e4 Nxd3 13. Qxd3 Nd7 14. b4 Qe7 15. Re1 Rf8 16. Nb5 a6 17. Nc3 h6 18. g3 f5 19. Nh4 Qf7 20. exf5 gxf5 21. Qe2 b5 22. cxb5 Nb6 23. bxa6 Bxa6 24. Qd1 e4 25. Ne2 Bd3 26. Rb3 Rxa2 27. Ra3 Bc2 0-1

[Event "Qazvin op (Women) 18th"]
[Site "Qazvin"]
[Date "2015.08.20"]
[Round "10"]
[White "Hemmatizadeh, Nina"]
[Black "Esmaeili, Sanaz"]
[Result "0-1"]
[WhiteElo "1918"]
[BlackElo "1727"]
[PlyCount "102"]
[EventDate "2015.08.14"]
[EventType "swiss"]
[EventRounds "11"]
[EventCountry "IRI"]
[SourceTitle "EXT 2016"]
[Source "ChessBase"]
[SourceDate "2015.10.08"]
[SourceVersion "1"]
[SourceVersionDate "2015.10.08"]
[SourceQuality "1"]

1. c4 Nf6 2. Nf3 g6 3. d4 Bg7 4. Nc3 d6 5. e4 0-0 6. Be2 e5 7. 0-0 Nc6 8. d5 Ne7 9. Ne1 Nd7 10. Nd3 f5 11. f3 f4 12. b4 g5 13. c5 Ng6 14. a4 Rf7 15. a5 Bf8 16. c6 Nf6 17. cxb7 Bxb7 18. a6 Bc8 19. Bd2 h5 20. Nf2 Rg7 21. Nb5 g4 22. fxg4 hxg4 23. g3 f3 24. Bd3 Rh7 25. Be3 Qe8 26. Qc2 Nf4 27. Bxf4 exf4 28. e5 Rxh2 29. Kxh2 Qh5+ 30. Kg1 fxg3 31. Ne4 Nxe4 32. Bxe4 g2 33. Rxf3 gxf3 34. Kf2 Bg4 35. e6 Qh4+ 36. Ke3 Bh6+ 37. Kd3 f2 38. Bxg2 Bf5+ 39. Kc3 Bxc2 40. Kxc2 Qc4+ 41. Nc3 Bg7 42. Ra3 f1Q 43. Bxf1 Qxf1 44. Ne4 Qg2+ 45. Nd2 Qxd5 46. e7 Qf5+ 47. Kc1 Qf6 48. Re3 Re8 49. b5 Rxe7 50. Rxe7 Qxe7 51. Nc4 Qe1+ 0-1

[Event "Asia-ch U18 Girls"]
[Site "Sari"]
[Date "2013.06.25"]
[Round "7"]
[White "Esmaeili, Sanaz"]
[Black "Anjana Krishna, Sreela"]
[Result "0-1"]
[WhiteElo "1630"]
[BlackElo "1906"]
[PlyCount "62"]
[EventDate "2013.06.21"]
[EventType "swiss"]
[EventRounds "7"]
[EventCountry "IRI"]
[SourceTitle "EXT 2015"]
[Source "ChessBase"]
[SourceDate "2014.11.20"]
[SourceVersion "1"]
[SourceVersionDate "2014.11.20"]
[SourceQuality "1"]

1. e4 d5 2. exd5 Qxd5 3. Nc3 Qd6 4. d4 Nf6 5. Nf3 c6 6. Ne5 Nbd7 7. Bf4 Nd5 8. Nxd5 Qxd5 9. f3 Nxe5 10. Bxe5 Bf5 11. Be2 f6 12. Bg3 0-0-0 13. c3 Qa5 14. 0-0 e5 15. Bf2 exd4 16. cxd4 Bd6 17. Qb3 Qc7 18. g3 Qe7 19. Bd1 Bb8 20. Rc1 Qd6 21. Qa4 h5 22. Bb3 Be6 23. Bc2 f5 24. Rfd1 g6 25. b4 Bd5 26. Rd3 h4 27. Rc3 hxg3 28. Bxg3 Qe7 29. Re1 Qf6 30. Be5 Qg5+ 31. Kh1 Qd2 0-1

[Event "Asia-ch U18 Girls"]
[Site "Sari"]
[Date "2013.06.24"]
[Round "4"]
[White "Chandreyee, Hajra"]
[Black "Esmaeili, Sanaz"]
[Result "0-1"]
[WhiteElo "1694"]
[BlackElo "1630"]
[PlyCount "66"]
[EventDate "2013.06.21"]
[EventType "swiss"]
[EventRounds "7"]
[EventCountry "IRI"]
[SourceTitle "EXT 2015"]
[Source "ChessBase"]
[SourceDate "2014.11.20"]
[SourceVersion "1"]
[SourceVersionDate "2014.11.20"]
[SourceQuality "1"]

1. e4 c5 2. Nf3 Nc6 3. d4 cxd4 4. Nxd4 Nf6 5. Nc3 e5 6. Ndb5 d6 7. Bg5 a6 8. Na3 b5 9. Nd5 Be7 10. Bxf6 Bxf6 11. c4 Qa5+ 12. Qd2 b4 13. Nc2 Rb8 14. 0-0-0 Bd8 15. a3 bxa3 16. Nxa3 Qxd2+ 17. Rxd2 Bg5 18. Ne3 Nd4 19. Kd1 0-0 20. Be2 Bd7 21. g3 Ba4+ 22. Ke1 f5 23. f4 Bd8 24. Kf2 Ba5 25. Rxd4 exd4 26. Nxf5 Rxb2 27. c5 d3 28. Nc4 Rxe2+ 29. Kf3 Be1 30. Nd4 d2 31. Nb2 Rf2+ 32. Ke3 dxc5 33. Nf3 d1Q 0-1